000 00686cab a2200241 4500
001 WB3101-40
008 090401t1995 xxu||||| |||| 00| 0 eng d
035 _a(Sirsi) u61541
041 _aeng
245 _aSt Petersburg and land ownership
260 _c1995
350 _a0
490 _aEstates News
_v12(40) December 1994-January 1995, 14(1)
520 _aSt Petersburg by mayoral decree signed on 22 October is the first Russian city to authorise the sale and purchase of land.
650 _aLAND SALES
650 _aRUSSIA
650 _aSALE OF LAND
650 _aST PETERSBURG
690 _aLAND
690 _aOVERSEAS-EUROPE
942 _n0
948 _c04/03/1997
999 _c38151
_d38151